South American Clubs by Badge - Statistics

General Stats
  • This quiz has been taken 28 times
    2 since last reset
  • The average score is 16 of 32
Answer Stats
Picture Answer % Correct
🇧🇴 Always Ready
100%
🇧🇷 Atlético Mineiro
100%
🇦🇷 Boca Juniors
100%
🇧🇷 Botafogo
100%
🇻🇪 Caracas
100%
🇧🇷 Santos
100%
🇧🇷 Vasco da Gama
100%
🇨🇴 Atlético Nacional
50%
🇪🇨 Barcelona de Guayaquil
50%
🇵🇾 Cerro Porteño
50%
🇵🇾 Club Nacional
50%
🇪🇨 El Nacional
50%
🇦🇷 Lanús
50%
🇪🇨 LDU Quito
50%
🇺🇾 Liverpool de Montevideo
50%
🇦🇷 Newell's Old Boys
50%
🇨🇴 Once Caldas
50%
🇺🇾 Peñarol
50%
🇵🇪 Sporting Cristal
50%
🇨🇱 Unión Española
50%
🇨🇱 Universidad Católica
50%
🇨🇱 Universidad de Chile
50%
🇵🇪 Universitario
50%
🇦🇷 Vélez Sarsfield
50%
🇺🇾 Defensor Sporting
0%
🇨🇴 Deportes Tolima
0%
🇻🇪 Deportivo La Guaira
0%
🇧🇴 Guabirá
0%
🇧🇴 Jorge Wilstermann
0%
🇵🇪 Sport Boys
0%
🇵🇾 Sportivo Luqueño
0%
🇻🇪 Universidad Central
0%
No matching quizzes found
Score Distribution
Percent of People with Each Score
Percentile by Number Answered
Your Score History
You have not taken this quiz since the last reset